| 000 | 00509nab a2200145Ia 4500 | ||
|---|---|---|---|
| 003 | ES-SlBCS | ||
| 005 | 20210601124328.0 | ||
| 008 | 140529s1997 xxu||||| |||| 00| 0 eng d | ||
| 041 | _aeng | ||
| 100 | 1 |
_aMccoy, Kate _9139846 |
|
| 245 | 0 | 0 |
_aKilling the Father/Becoming Uncomfortable with the Mother Tongue: Rethinking the Performative Contradiction _c Kate Mccoy |
| 650 | 0 | 4 |
_aMatar al Padre-Lengua Materna _9139847 |
| 773 | 0 |
_tEducational Theory _gvol. 47, nº. 4, 1997, págs. 489-500 _wRev1399 |
|
| 942 | _cAR | ||
| 999 |
_c513023 _d513023 |
||